[Event "Leon"]
[Site "Leon"]
[Date "1995.??.??"]
[Round "3"]
[White "Akopian, Vladimir Eduardovic"]
[Black "Adams, Michael"]
[Result "1/2-1/2"]
[WhiteElo "2655"]
[BlackElo "2655"]
[Annotator "Stohl,I"]
[PlyCount "80"]
[EventDate "1995.05.??"]
[EventType "tourn"]
[EventRounds "9"]
[EventCountry "ESP"]
[EventCategory "14"]
[SourceTitle "CBM 048"]
[Source "ChessBase"]
[SourceDate "1995.10.01"]
[SourceVersion "1"]
[SourceVersionDate "1995.10.01"]
[SourceQuality "1"]

1. Nf3 Nf6 2. g3 b6 3. Bg2 Bb7 4. O-O c5 5. c4 e6 6. Nc3 Be7 7. Re1 Ne4 $5 (
7... d5 8. Ne5 O-O 9. d4 Nbd7 10. cxd5 Nxd5 11. Nxd5 exd5 12. Bf4 Nxe5 13. Bxe5
c4 14. b3 Bb4 15. Rf1 Qd7 16. bxc4 dxc4 17. d5 Rfd8 18. e4 b5 19. Qc2 $13 Rac8
$2 20. Bxg7 $1 $16 {Wirthensohn,H-Lim,M/Thessaloniki olm/1988/}) (7... O-O 8.
e4 Nc6 9. d4 cxd4 10. Nxd4 Rc8 11. b3 a6 12. Bb2 d6 13. Rc1 Re8 14. h3 Bf8 15.
Rc2 Nxd4 16. Qxd4 Qc7 17. Rd2 Bc6 18. Ba3 Red8 19. Red1 Qb7 20. Qe3 $14 {
Kramnik,V-Tiviakov,S/Belgrade/1993/}) 8. Qc2 (8. Nxe4 Bxe4 9. d3 Bb7 10. e4 d6
(10... Nc6 11. d4 Nxd4 12. Nxd4 cxd4 13. Qxd4 O-O 14. b3 (14. Bf4 d6 15. Qd3 (
15. Qd2 Qc7 16. Rac1 Rfd8 17. h4 Rac8 18. b3 Bc6 19. Qe2 Qb7 20. Kh2 a6 21. Bd2
b5 22. cxb5 axb5 23. Bc3 d5 24. exd5 Bxd5 25. Bxd5 Rxd5 26. Be5 Bf8 27. Bf4
Rdc5 28. Rxc5 Rxc5 29. Rd1 Qc8 $10 {Zlotnikov,M-Wells,P/London Lloyds Bank op/
1982/}) 15... Qc7 16. Rac1 a5 17. Red1 Rfd8 18. Be3 Bc6 19. Qb3 Rab8 20. Bd4
Qb7 21. Re1 e5 22. Bc3 a4 23. Qd1 f5 24. b4 axb3 25. axb3 fxe4 26. Qg4 e3 27.
Bxe5 exf2+ 28. Kxf2 Rf8+ $132 {Kortschnoj,V-Ftacnik,L/Ostrava /1994/}) 14...
Bc5 15. Qc3 Qe7 16. a3 a5 17. Bb2 f6 18. Re2 Bc6 19. a4 Qf7 20. Ba3 Qh5 21. Rd2
Rf7 22. Bxc5 Qxc5 23. Rad1 Raf8 24. Qd4 Qxd4 25. Rxd4 $14 {Vaganian,
R-Yermolinsky,A/Tilburg /1993/}) (10... O-O 11. d4 cxd4 12. Nxd4 Nc6 13. Be3 (
13. Nb5 d6 14. Be3 Qd7 15. Qe2 Rfc8 16. Rad1 Ne5 17. b3 a6 18. Nc3 b5 19. f4
Ng6 20. c5 Qc6 21. Nd5 dxc5 22. f5 exd5 23. exd5 Qd7 24. fxg6 hxg6 25. d6 Bf8
26. Bxb7 Qxb7 27. Qg2 Qxg2+ 28. Kxg2 $44 {Akesson,R-Fedder,S/Copenhagen op/
1982/}) 13... a6 14. Rc1 Rc8 15. h3 Qc7 16. b3 Bc5 17. Qd3 Nxd4 18. Bxd4 Bxd4
19. Qxd4 d6 20. Rcd1 Rfd8 21. Re3 Kf8 22. Qd2 e5 23. h4 h6 24. Rd3 Ke7 25. g4
$1 $36 {Ribli,Z-Atlas,V/BL 9394/1994/}) 11. d4 cxd4 12. Nxd4 O-O 13. b3 a6 14.
Ba3 Qc7 15. Rc1 Nd7 16. Qg4 Nf6 17. Qe2 Rfd8 18. h4 Nd7 19. h5 h6 20. Rcd1 Ne5
21. Bb2 Nc6 22. Nc2 $14 {Nikitin,A-Tjanav,T/Voroshilovgrad/1989/}) (8. d4 $5
O-O 9. Qc2 Nxc3 10. bxc3 Nc6 11. d5 Na5 12. Nd2 e5 13. Qd3 $1 d6 14. Nb3 f5 15.
Nxa5 bxa5 16. e4 f4 17. gxf4 exf4 18. e5 dxe5 19. Rb1 $16 {Eingorn,
V-Staniszewski,P/Polanica Zdroj/1984/}) 8... Nxc3 9. dxc3 (9. Qxc3 Bf6 10. Qc2
Nc6 11. a3 O-O 12. Rb1 a5 13. d3 d5 14. Bd2 Rc8 15. cxd5 Qxd5 16. Qa4 Qd6 17.
Bf4 e5 18. Be3 Ne7 19. b4 $6 cxb4 20. axb4 Nd5 21. Bd2 Nxb4 22. Bxb4 axb4 23.
Qxb4 Qxb4 24. Rxb4 e4 $1 $17 {Lobron,E-Adams,M/Brussles SWIFT/1992/}) 9... d6 (
9... Nc6 $142 10. e4 d6 11. Nd2 O-O 12. f4 a6 13. a4 Qd7 14. Nf1 Na5 15. Ne3 b5
16. b3 bxc4 17. bxc4 Rab8 18. Rd1 Bc6 19. Ra2 Qb7 20. Rb2 Qd7 21. Ra2 $10 {
Vaganian,R-Ftacnik,L/Manila olm/1992/}) 10. Bf4 Qc7 11. Rad1 Nc6 12. Ng5 (12.
Rd2 $5 Rd8 13. Red1 O-O 14. Ng5 Bxg5 15. Bxg5 f6 16. Bf4 e5 17. Be3 Na5 18.
Bxb7 Nxb7 19. Rd5 Rde8 20. Qf5 Qc8 21. Qxc8 Rxc8 22. g4 Kf7 23. f4 Ke6 24. Kf2
g6 25. Kf3 $14 {Vaganian,R-Adams,M/Oviedo Fischer Blitz/1992/}) 12... Bxg5 13.
Bxg5 h6 14. Bf4 Rd8 15. h4 e5 16. Bc1 (16. Be3 $5 O-O 17. Rd2 $14 {[%cal Ye1d1,
Yg3g5] /\Red1,g4-g5|^}) 16... O-O 17. e4 (17. Be4 Ne7 $10 {[%cal Rf7f5] /\f5})
17... Ne7 {/\f5<=>} 18. g4 $5 Ng6 19. h5 Nh8 $1 {[%csl Rg2][%cal Yf7f6,Yh8f7] /
\f6,Nf7 with a full blockade,ץg2.} 20. g5 $8 hxg5 21. Bxg5 f6 22. Bh4 Bc8 {
[%cal Rc8g4] /\Bg4} 23. Qe2 Be6 24. b3 g5 $1 (24... Nf7 25. Rd3 Ng5 26. Rg3 $36
{[%cal Rg3g7]}) 25. hxg6 Nxg6 26. Bg3 Qg7 (26... Rf7 $5 27. Rd3 Rg7 28. Qd2 (
28. Red1 Nf4 $1 29. Bxf4 Bg4 30. f3 Bh3 $17) 28... Kf8 29. Rd1 Ke7 $13) 27. Rd3
Nf4 $5 (27... Kf7 28. Qd2 Ke7 29. Rd1 $16) 28. Bxf4 exf4 29. Qd2 Qg5 30. e5 $5
(30. Rxd6 Bh3 $1 (30... Rxd6 31. Qxd6 Bh3 (31... f3 $2 32. Qxe6+ Kg7 33. Qh3
$18) 32. Qd5+ $16) (30... Kh7 31. Rxd8 Rxd8 32. Qxd8 Bh3 (32... f3 33. Qc7+ {
[%cal Rc7g3] /\Qg3+-}) 33. Kf1 Qxg2+ 34. Ke2 Bg4+ 35. Kd3 $1 Qf3+ 36. Kc2 Qxf2+
37. Qd2 $16) 31. Qd5+ $8 (31. f3 $4 Rxd6 $19) 31... Qxd5 32. Rxd5 Be6 33. Rdd1
(33. Rxd8 Rxd8 $44) 33... Kf7 $44) 30... Kf7 $1 $8 (30... fxe5 $2 31. Rg3 $1
$18) 31. exd6 (31. exf6 Rg8 32. f3 Bh3 33. Re7+ $1 (33. Re2 Rde8 $1 $40) 33...
Kxf6 34. Re2 Qxg2+ 35. Rxg2 Rxg2+ $10) 31... Rg8 32. f3 Bh3 33. Re7+ Kf8 34.
Re2 Qf5 $44 {[%cal Rg8g1,Yd8d7,Yd7g7] <->g,/\Rd7-g7} (34... Re8 $6 35. d7 $1
$36) 35. Rd5 $8 (35. Kh2 Rg3 $40) 35... Qb1+ 36. Qd1 Qxd1+ (36... Qg6 37. Qc2
$10) 37. Rxd1 Rg3 {[%cal Rh3g2,Rg3f3] /\Bg2,Rf3} 38. Rd3 Rd7 39. Kf1 Rxg2 40.
Rxg2 Ke8 $1 (40... Rg7 $2 41. d7 Bxg2+ 42. Kf2 $18) (40... Ke8 41. Kf2 Bxg2 42.
Kxg2 Rg7+ 43. Kf2 Rh7 44. Kg2 Rg7+ $10 {[%cal Rg7g1,Rh8h1] <=><->g,h}) 1/2-1/2

[Event "Belgrade"]
[Site "Belgrade"]
[Date "1994.??.??"]
[Round "6"]
[White "Greenfeld, Alon"]
[Black "Shipov, Sergei"]
[Result "1-0"]
[WhiteElo "2600"]
[BlackElo "2525"]
[Annotator "Stohl,I"]
[PlyCount "83"]
[EventDate "1994.??.??"]
[EventType "tourn"]
[EventRounds "9"]
[EventCountry "YUG"]
[EventCategory "12"]
[SourceTitle "CBM 043"]
[Source "ChessBase"]
[SourceDate "1994.12.01"]
[SourceVersion "1"]
[SourceVersionDate "1994.12.01"]
[SourceQuality "1"]

1. Nf3 Nf6 2. c4 c5 3. Nc3 e6 4. g3 b6 5. Bg2 Bb7 6. O-O Be7 7. Re1 d6 8. e4 a6
9. d4 cxd4 10. Nxd4 Qc7 11. Be3 Nbd7 12. f4 Rc8 (12... O-O 13. Rc1 Rfe8 14. g4
(14. f5 $5 $36) 14... g6 15. g5 Nh5 16. Bf3 e5 17. Nd5 Qd8 18. Nf5 Bxd5 19.
Nh6+ Kg7 20. Qxd5 Nxf4 21. Bxf4 exf4 22. Nxf7 Qc7 23. Red1 Ne5 24. Nxe5 dxe5
25. Qd7 $10 {Meyer,P-Schneider,A/Budapest FS 03 IM/B/1994/}) 13. Rc1 (13. Bf2
h5 $5 14. h3 g6 15. Rc1 Qb8 16. Qe2 Qa8 17. b4 O-O 18. g4 hxg4 19. hxg4 e5 20.
Nd5 Bd8 (20... Rfe8 $5 $13 {<=>}) 21. g5 Nh5 22. Qg4 Bxd5 23. cxd5 Rxc1 24.
Rxc1 Qb7 25. Nf5 $1 $36 {Glek,I-Ftacnik,L/BL 9394/1994/}) 13... Qb8 14. b3 (14.
Qe2 $5 Qa8 15. Bf2 g6 (15... Bd8 $5 16. f5 e5 17. Nc2 g6 $1 18. fxg6 hxg6 19.
Nb4 Kf8 20. h4 Kg7 21. Bh3 Rb8 22. Nbd5 b5 $5 $132 {Glek,I-Wahls,M/BL 9293/
1993/}) 16. Nb3 (16. Nd5 Bd8) 16... O-O 17. Bd4 $13 {1/2:1/2,Smejkal,
J-Podzielny,KH/BL 9293/1993/}) 14... O-O (14... h5 15. h3 g6 $5 16. g4 hxg4 17.
hxg4 e5 $132) (14... Qa8 15. Bf2 O-O 16. g4 g6 17. g5 Nh5 18. Qg4 Rce8) 15. g4
(15. f5 $5 $14) 15... Qa8 (15... Nc5 16. Bf2 d5 $6 17. cxd5 Qxf4 18. Bg3 Qxg4
19. d6 Bd8 20. e5 Bxg2 21. Kxg2 $16 {Hartung-Nielsen-Sorensen,T/Lyngby op/1988/
}) 16. Bf2 g6 17. g5 Nh5 (17... Ne8 18. Qg4 {/\Ne6} Ng7 19. Nd5 $1 {-17...Nh5})
18. Qg4 Ng7 (18... Rce8 $5 {/\Bd8,f5,Nf4<=>} 19. Rcd1 (19. Nxe6 $6 fxe6 20.
Qxe6+ Rf7 $1 21. Qxd7 Bxg5 $40) (19. f5 $6 exf5 20. Nxf5 (20. exf5 Bxg2 21. f6
(21. Qxg2 Qxg2+ 22. Kxg2 Bxg5 $15) 21... Bxf6 22. gxf6 Bh1 $1 $17) 20... Ne5 {
/\Nd3}) (19. h4 $13) 19... Qc8 20. Nde2 Bc6 21. Ng3 Nxg3 22. hxg3 b5 23. cxb5
axb5 24. Rc1 Qa8 25. Qh3 Nc5 26. Bxc5 dxc5 27. e5 Bxg2 28. Qxg2 Qxg2+ 29. Kxg2
Ra8 30. Re2 Rfb8 $10 {Hjartarson,J-Wahls,M/New York op/1994/}) (18... Nxf4 $2
19. Qxf4 e5 20. Qg4 exd4 21. Qxd7 Bxg5 22. Nd5 $18) 19. Nd5 $1 Bd8 (19... exd5
$2 20. Qxd7 $18) (19... Rfe8 20. Nxe7+ Rxe7 21. Rcd1 {><d6}) 20. Rc3 b5 (20...
exd5 $5 21. Qxd7 dxe4 22. Rce3 $44) 21. Rh3 exd5 (21... bxc4 $5 22. Rh6 $5 {
/\Qh4->,ףa8} (22. Qh4 h5 (22... Nh5 $2 23. Bf3 exd5 24. Bxh5 $40) 23. Nf6+
Nxf6 24. gxf6 Ne8 $17)) 22. Qxd7 dxe4 23. cxb5 e3 (23... Bb6 24. Nc6 $5 (24.
Qxd6 $2 e3 $19) (24. bxa6 $2 e3 $1 25. axb7 exf2+ 26. Kxf2 Bxd4+ $17 {/\Qa2,Rc3
}) 24... Bxf2+ 25. Kxf2 axb5 $1 (25... Bxc6 26. bxc6 Qxc6 27. Qxc6 Rxc6 28.
Bxe4 $16 {_|_ק}) 26. Ne7+ Kh8 27. Nxc8 (27. Bxe4 $2 Bxe4 28. Nxc8 Bf5 $17) (
27. Rhe3 Rc2+ 28. R1e2 Rxe2+ 29. Rxe2 e3+ $17) 27... Bxc8 28. Qxd6 (28. Qxb5
Bxh3 29. Bxh3 Qxa2+ 30. Re2 Qa7+ $13) 28... Bxh3 29. Bxh3 Rd8 $132 {עf2}) 24.
Qxb7 $1 (24. Bxb7 exf2+ 25. Kxf2 Qa7 $44) 24... exf2+ 25. Kxf2 Qxb7 $8 26. Bxb7
Bb6 27. Rd3 $6 (27. Bxc8 Bxd4+ 28. Ke2 Rxc8 29. bxa6 Nf5 $44) 27... Rc3 $1 (
27... Rc7 28. bxa6 Nf5 29. Red1 Nxd4 30. Rxd4 Rc2+ 31. Kf3 Bxd4 32. Rxd4 Rxa2
33. Ra4 $1 $18) 28. Rxc3 Bxd4+ 29. Rce3 Nf5 30. Kf3 (30. bxa6 $2 Re8 $17) 30...
Bxe3 $2 (30... Nxe3 31. bxa6 (31. Rxe3 Bxe3 32. Kxe3 axb5 $17) 31... Nf5 $13)
31. Rxe3 $1 axb5 (31... Nxe3 32. bxa6 Nc2 33. a7 $18) 32. Rc3 $16 Re8 (32... b4
33. Rc4 Rb8 34. Rxb4 d5 35. a3 $18) 33. Rc8 $1 Nd4+ 34. Kf2 Rxc8 35. Bxc8 b4 (
35... Kf8 36. Ke3 Nc2+ 37. Kd2 Nb4 38. a3 Nd5 39. Bd7 b4 40. a4 Ke7 41. Bc6 $18
{o^a}) 36. Ke3 Nb5 37. Kd3 d5 (37... Nc3 38. a4 $18) 38. Bd7 $18 Na3 (38... Nd6
39. Kd4) (38... Nc3 39. a4 $18) 39. Bc6 Nb1 40. Kd4 $1 Kf8 41. Bxd5 Nc3 42. a4
1-0

[Event "RUS-Cup03 Geller Memorial"]
[Site "Moscow"]
[Date "1999.02.14"]
[Round "5"]
[White "Fokin, Sergey"]
[Black "Dragomarezkij, Evgeni"]
[Result "1-0"]
[WhiteElo "2390"]
[BlackElo "2486"]
[Annotator "Stohl,I"]
[PlyCount "63"]
[EventDate "1999.02.10"]
[EventType "swiss"]
[EventRounds "9"]
[EventCountry "RUS"]
[SourceTitle "CBM 070"]
[Source "ChessBase"]
[SourceDate "1999.06.08"]
[SourceVersion "1"]
[SourceVersionDate "1999.06.08"]
[SourceQuality "1"]

1. Nf3 c5 2. c4 Nf6 3. Nc3 e6 4. g3 b6 5. Bg2 Bb7 6. O-O Be7 7. Re1 O-O ({
Once Black doesn't want to fight on "non-hedgehog" territory with} 7... d5 {
the more usual choice is}) (7... d6 8. e4 a6 9. d4 cxd4 10. Nxd4 Qc7) 8. e4 d6
9. d4 cxd4 10. Nxd4 Qc8 ({Black must count with tactical attempts after} 10...
Qc7 $5 11. Ndb5 $5 Qc6 12. Bg5 a6 (12... Nbd7 13. Nd5 $1 exd5 14. exd5 Qxc4 15.
Na3 $16) 13. Nd4 Qc7 14. Rc1 Nbd7 15. f4 h6 16. Bh4 Rfe8 17. h3 Rac8 18. g4
Nxe4 19. Bxe7 Nxc3 20. Rxc3 Bxg2 21. Kxg2 Rxe7 22. Nf5 Nf6 23. Nxe7+ Qxe7 24.
Qd4 Rc5 25. b4 Rc6 26. Kg1 d5 27. c5 Ne4 28. Rxe4 dxe4 29. Qxe4 Qd7 {1/2,
Speelman,J-Plaskett,J/Ayr BCF-ch/1978/}) 11. b3 (11. Be3 $5 a6 (11... Qxc4 $2
12. e5 Nd5 13. Nf5 $1 $16) 12. Rc1 Re8 $142 $5 (12... Nbd7 13. f4 {leads to
the above mentioned lines, when Black's Q is not so well placed on c8 (Black's
R are not connected.)} g6 (13... Re8 14. g4 g6 15. g5 Nh5 16. f5 exf5 17. Nxf5
gxf5 18. Qxh5 Ne5 19. Nd5 Bxd5 20. cxd5 Qd7 21. Bh3 Ng4 22. exf5 Nxe3 23. Rxe3
Bf8 24. f6 Qa4 25. Rc7 {1-0, Davies,N-Ammann,P/Lyon/1990/}) 14. f5 gxf5 15.
exf5 Bxg2 16. fxe6 fxe6 17. Kxg2 Ne5 18. Bf4 Qb7+ 19. Kg1 Rf7 20. Bxe5 dxe5 21.
Nxe6 Qc6 22. Rxe5 Re8 23. Qd4 Nd7 24. Re4 Bf6 25. Qd5 Qxd5 26. cxd5 Bxc3 27.
Rxc3 Nf6 28. Re5 Nxd5 29. Rxd5 Rxe6 30. Rg5+ $16 {Iskusnyh,S-Fokin,S/Moscow
Geller mem/1999/}) 13. f4 h6 14. Bf2 (14. g4 $5 $14) 14... Nbd7 15. b4 Bf8 16.
Nb3 Qc7 17. a4 Rad8 18. a5 bxa5 19. Nxa5 Ba8 20. Qe2 Rb8 21. Na2 e5 $1 22. f5
Nc5 $1 23. bxc5 Qxa5 24. cxd6 Bxd6 25. c5 Bf8 26. Rc2 $15 {1/2,Gurevich,
D-Kudrin,S/USA-ch/1995/}) ({Also interesting is} 11. Bf4 a6 12. Rc1 Rd8 $6 13.
Qe2 Nbd7 14. Nd5 exd5 15. cxd5 Qb8 16. Nc6 Bxc6 17. dxc6 Ra7 18. cxd7 Nxd7 19.
Be3 Re8 20. Rc6 Bd8 21. Rec1 Nc5 22. b4 Ne6 23. Qd3 Bc7 24. Bh3 h6 25. a4 $16 {
Komljenovic,D-Rusjan,M/Nova Gorica op/1997/}) 11... a6 {The most logical move.
It fits in Black's setup and immediately creates a possible positional threat
b5.} (11... Nc6 12. Nde2 a6 13. Bb2 Rb8 14. Rc1 Qd7 15. Bh3 Qd8 16. Nf4 Bc8 17.
Nd3 $14 b5 $6 18. cxb5 axb5 19. Nxb5 Rxb5 20. Rxc6 Bb7 21. Rc4 $16 {Bosboom,
M-Kahn,M/NLD-ch op/1994/}) (11... Rd8 12. Bb2 Nbd7 13. Qe2 a6 14. Rac1 Qb8 15.
f4 Qa7 16. Kh1 Rac8 17. f5 e5 18. Nc2 b5 19. cxb5 axb5 20. Nb4 Nc5 21. Ncd5 Re8
22. Nxf6+ Bxf6 23. Qxb5 Rb8 24. Qe2 Bxe4 25. Bxe4 Rxb4 26. Bc6 Reb8 27. Bc3
R4b6 28. Bd5 Qd7 $14 {1/2,Nemet,I-Rozentalis,E/Suhr/1991/}) 12. Bb2 Nbd7 (12...
Nc6 13. Rc1 Rb8 14. h3 (14. Nd5 $1 $40) 14... Qd7 15. a4 Nxd4 16. Qxd4 Bc6 17.
Bf1 Rfd8 18. Rcd1 Qb7 19. Qe3 Bf8 20. b4 Qa8 21. b5 Be8 22. e5 dxe5 23. Rxd8
Rxd8 24. Qxb6 $36 {Demina,J-Dabrowska,K/Jakarta iztW/1993/}) 13. f4 $5 ({
Softer is} 13. Rc1 g6 14. Qd2 Re8 15. h3 Qc7 16. Kh2 Bf8 17. Nc2 Rad8 18. Ne3
Qb8 (18... h5 $5 $132) 19. Ng4 Nxg4+ $6 20. hxg4 Bg7 21. g5 Qa8 22. f4 $36 {
Cvitan,O-Arkell,K/Toulouse/1990/}) (13. Qd2 Qc7 14. Rad1 (14. f4 Rac8 15. h3
Nc5 16. Kh2 Rfd8 17. Rac1 Qb8 18. Nd5 $5 exd5 19. exd5 Re8 20. Nf5 Bf8 21. Bxf6
gxf6 22. Qd4 Bg7 23. b4 Nd7 24. Ne7+ Kf8 25. Nxc8 Qxc8 26. Qd3 $44 {Topalov,
V-Richtscheid,J/Frankfurt act/1997/}) 14... Rad8 15. h3 Rfe8 16. g4 g6 17. Kh1
e5 $6 18. Nc2 Nc5 19. Nb4 Ne6 20. Nd3 Qb8 21. Nd5 Nd7 22. Nxe7+ Rxe7 23. f4
Ndc5 24. Nxc5 bxc5 25. f5 Nd4 26. Qh6 $40 {Petrosian,A-Grigorian,K/Erevan/1976/
}) 13... g6 $146 (13... Rd8 $142 14. f5 e5 15. Nc2 b5 16. Ne3 bxc4 17. Nxc4 Nb6
$1 18. Nxb6 Qc5+ 19. Kh1 Qxb6 20. Qe2 Rac8 21. Rac1 h6 22. h3 Qb4 23. Kh2 Rc7
$132 {Ree,H-Blees,A/NLD-ch/1990/}) 14. Qd2 e5 $2 {[%mdl 16384] Black's
previous move was connected with this idea, which however fails both
tactically and strategically after White's typical reply.} 15. Nd5 $1 $16 Qd8 (
15... Nxd5 16. exd5 $40 {[%cal Rd4c6] /\Nc6}) 16. Nf3 Re8 17. Nxe7+ $6 (17.
fxe5 $5 dxe5 (17... Nxe5 $2 18. Nxe5 dxe5 19. Bxe5 Bc5+ 20. Bd4 $16) 18. Kh1
Bc5 19. b4 $36) 17... Qxe7 18. Nh4 Nc5 19. Qc2 Rac8 (19... exf4 $2 20. e5 $40 {
/^a1-h8}) 20. b4 Ncd7 21. Qd3 Nh5 22. f5 Nf4 $1 (22... Nhf6 23. Rad1 $16) 23.
gxf4 Qxh4 24. Qxd6 Rcd8 (24... Red8 $5 {/\} 25. fxe5 Rc6 26. Qd4 Nc5 27. Qe3
Nd3 $14) 25. Qc7 Nf6 26. Re2 (26. Qxb7 $4 Rd2 27. Qxb6 Qg4 $19) 26... Bxe4 $2 (
{Black's last chance was} 26... Ng4 $5 27. Bh1 $5 (27. Qxb7 Qxh2+ 28. Kf1 Qxf4+
$40) (27. Bf3 Rd3 $132) (27. h3 Bxe4 $1 28. hxg4 (28. Bxe4 Qxh3 29. Qxb6 exf4
30. fxg6 hxg6 31. Qc7 Rd2 $1 $19) 28... Qxg4 $1 29. fxg6 hxg6 30. Rae1 Rd1 31.
Rxe4 Rd2 32. R1e2 Rxe2 33. Rxe2 Qxe2 34. Bxe5 Qe1+ 35. Kh2 Qh4+ $11) 27... Ne3
28. Bxe5 (28. Qxb7 Qg4+ 29. Kf2 Qxf4+ {gives Black at least a draw.}) 28...
Qg4+ 29. Kf2 $36) 27. fxe5 {Now due to the threat e6 White comes first.} Bd3 (
27... Bxg2 28. e6 $1 (28. Rxg2 $18) 28... fxe6 29. fxe6 $18) (27... Qg4 28. e6
fxe6 29. Bxf6 $18) 28. e6 $18 fxe6 29. Rxe6 (29. fxe6 $5 Rf8 30. e7 $18) 29...
Rc8 30. Qe5 Be4 (30... Bxf5 31. Rxe8+ Nxe8 32. Bd5+ Kf8 33. Re1 $18) 31. Qxf6
Qxf6 32. Bxf6 1-0

[Event "Pamplona 9798 8th"]
[Site "Pamplona"]
[Date "1998.01.03"]
[Round "7"]
[White "San Segundo Carrillo, Pablo"]
[Black "Granda Zuniga, Julio E"]
[Result "0-1"]
[WhiteElo "2495"]
[BlackElo "2625"]
[Annotator "Stohl,I"]
[PlyCount "62"]
[EventDate "1997.12.28"]
[EventType "tourn"]
[EventRounds "9"]
[EventCountry "ESP"]
[EventCategory "13"]
[SourceTitle "CBM 063"]
[Source "ChessBase"]
[SourceDate "1998.03.26"]
[SourceVersion "1"]
[SourceVersionDate "1998.03.26"]
[SourceQuality "1"]

1. Nf3 c5 2. c4 Nf6 3. Nc3 b6 4. g3 Bb7 5. Bg2 e6 6. O-O Be7 7. Re1 d5 8. cxd5
Nxd5 9. e4 Nxc3 10. bxc3 {The "mysterious" 7.Re1 remains thanks to Kramnik
very much in the limelight. As Black hasn't been too successful with the
development Nd7 (with or without the cxd4 excahnge) it's logical players are
turning their attention elsewhere.} Nc6 $5 11. d4 O-O 12. d5 {The most
forceful move, which must be the best. Alternatives are too soft.} (12. h4 $143
$6 cxd4 13. cxd4 Rc8 14. Bf4 Bf6 15. e5 Be7 16. Bg5 Qd7 17. Bxe7 Nxe7 18. Qd3
h6 19. Red1 Rfd8 20. Qa3 Bd5 21. Rd2 Rc4 22. Qb2 Bxf3 23. Bxf3 Rxd4 24. Rxd4
Qxd4 25. Qxd4 Rxd4 26. Rc1 Ra4 27. h5 Rxa2 $19 {Reuss,A-Oral,T/Willsbach 1997/
0-1 (41)}) 12... Na5 $5 {Somewhat more flexible, than the immediate 12...exd5,
as our game shows.} (12... exd5 $143 13. exd5 Na5 14. Ne5 Bf6 15. Bf4 Bxe5 16.
Bxe5 Qd7 17. Qh5 f6 18. Bf4 g6 19. Qf3 g5 20. Be3 Rae8 21. Rad1 Nc4 22. Bc1 Ne5
23. Qh5 c4 24. h4 g4 25. Bh6 Rf7 26. Bf4 Nf3+ 27. Bxf3 Rxe1+ 28. Rxe1 gxf3 29.
Bh6 Re7 30. Re6 $1 $40 {Moehring,G-Brueggemann,J/DDR-ch Salzwedel 1982/1-0 (69)
}) 13. Qc2 $6 $146 {This novelty is no improvement, quite on the contrary, in
the arising tactical complications Black emerges on the top.} (13. Bf4 $142 $1
exd5 14. exd5 Bd6 15. Ne5 (15. Bg5 Qd7 16. Qd3 h6 17. Be3 Rad8 18. Rad1 Rfe8
19. Nh4 Bf8 20. Nf5 Re5 21. g4 Qa4 22. f4 Rexd5 $1 23. Bxd5 Rxd5 24. Qe2 Rxf5
$1 25. gxf5 Qe4 26. Kf1 Nc4 27. Bg1 Qxf4+ $40 {Karpeshov,O-Totsky,L/URS-chClub
Pavlodar 1991/0-1 (35)}) 15... Qc7 16. Qh5 $5 (16. Qg4 Rad8 17. Re3 (17. Rad1
Bc8 18. Qh5 g6 19. Qh6 Rde8 20. Nd3 Bf5 21. Bxd6 Qxd6 22. Nf4 Nb7 23. h4 Bg4
24. f3 Rxe1+ 25. Rxe1 Bd7 26. Qg5 f6 $11 {1/2,Smirin,I-Makarov,M/Novosibirsk
1995}) 17... Bc8 18. Qh5 b5 19. Rae1 Bb7 20. g4 g6 21. Qh6 Nc4 22. Rh3 f6 23.
Nxg6 Rfe8 24. Rxe8+ Rxe8 25. Bxd6 Nxd6 26. Nf4 Re1+ 27. Bf1 Qg7 $44 {
Dokhoian-Dolmatov/Klaipeda 1988/1/2 (46)}) 16... Rae8 (16... f6 $5 {/\} 17. Be4
$6 g5 18. Nd7 Qxd7 19. Bxd6 Rf7) 17. Re3 g6 (17... f6 $2 18. Nc4 $1 g6 19. Bxd6
Qd7 20. Bh3 f5 21. Rxe8 Rxe8 22. Bxf5 Qxf5 23. Qxf5 gxf5 24. Ne3 Kf7 25. Rd1
Kf6 26. Bc7 $16 {Akhmetov,A-Totsky,L/Ekaterinburg RUS-ch sf 1996/1-0 (66)}) 18.
Qe2 f6 $6 (18... Bc8 $142 {[%cal Yf7f6] /\f6+/=}) 19. Nxg6 $1 Rxe3 20. Qxe3
hxg6 21. Qe6+ Qf7 22. Bxd6 Qxe6 23. dxe6 Re8 24. Re1 Bxg2 25. Kxg2 Nc4 26. Bc7
Kf8 27. Bd8 Kg7 28. Rd1 Rxe6 29. Rd7+ Kh6 30. Rxa7 $16 {Wirthensohn,H-Zude,A/
2BLSW 1990/1-0 (68)}) (13. Ne5 Bf6 14. f4 (14. Bf4 g5) 14... exd5 (14... Bxe5
$5 15. fxe5 Nc4 $15) 15. exd5 Re8 $36) (13. dxe6 Qxd1 (13... fxe6 $5 14. Qe2
Bf6 $132) 14. exf7+ Rxf7 15. Rxd1 Raf8 (15... Bxe4 16. Ne5 Bxg2 17. Nxf7 $16)
16. Ne5 Rxf2 17. Nd7 (17. Rd7 $5 $13) 17... R8f7 18. Ne5 $11) 13... f5 $1 $36 (
13... exd5 14. exd5 Bf6 $13 (14... Bxd5 $2 15. Rd1 {[%cal Rf3g5] /\Ng5+-} Be4
16. Qe2 Bxf3 (16... Bd5 17. Ne5 $18) 17. Bxf3 Qc7 18. Bf4 $18)) 14. c4 (14.
dxe6 Bxe4 15. Qa4 Bf6 $15 (15... Qe8 $5 $15 {[%csl Re6] ><e6 The Pe6 is not
supported by the rest of White's pieces and is therefore weak.})) (14. exf5 $5
exd5 $5 (14... Bxd5 15. c4 $1 Nxc4 16. fxe6 $13) 15. g4 (15. Ne5 Bf6 16. f4 Qd6
$15) 15... Nc4 $15) 14... fxe4 (14... Bf6 $2 15. e5 $16) 15. Qxe4 Bf6 $8 16.
Qxe6+ (16. Ne5 Re8 (16... exd5 17. cxd5 Bxe5 18. Qxe5 Re8 19. Qxe8+ Qxe8 20.
Rxe8+ Rxe8 21. Bf4 $132) 17. Bb2 b5 $1 $36) 16... Kh8 $15 17. Ne5 (17. Rb1 Nxc4
18. Rd1 Re8 19. Qf5 Nd6 $15) 17... Nxc4 18. Nxc4 $2 (18. Nf7+ $2 Rxf7 19. Qxf7
Nd6 $1 {[%cal Rf6a1] /\Ba1-+}) (18. Bf4 $8 Bxe5 (18... Bc8 $2 19. Nf7+ Rxf7 20.
Qxf7 $18) 19. Bxe5 Nxe5 (19... Re8 $2 20. Bxg7+ Kxg7 21. Qg4+ $16) (19... Bc8
20. Qc6 Bd7 21. Qb7 $132) 20. Rxe5 (20. Qxe5 Qd7 $15) 20... Re8 21. Qxe8+ Qxe8
22. Rxe8+ Rxe8 $15 {[%csl Gb6,Gc5,Rd5] _|_o^b,c,><d5 In this endgame Black's
<<P present a dangerous threat.}) (18. f4 Qc7 $1 19. Nxc4 Bxa1 20. d6 Bd4+ $17)
18... Bc8 $1 {White almost certainly overlooked this strong intermediate move,
which disrupts the coordination of his attacking pieces. Black remains a solid
exchange up and the game is practically decided.} 19. Qe2 (19. Qc6 Bd7 20. Qd6
Bxa1 21. Re7 Bb5 $19) 19... Bxa1 $17 20. Ne5 (20. d6 Rb8 21. Bf4 Bc3 $1 $17 {
[%cal Rf8e8] /\Re8}) 20... Bc3 21. Rd1 (21. Bd2 $142 Bxd2 22. Qxd2 Bb7 23. d6
$5 $17) (21. Nc6 Qf6 22. Rd1 Bb7 $19) 21... Bb7 22. Bf4 (22. d6 Bxg2 23. Kxg2
Bxe5 24. Qxe5 Qf6 $19) 22... Qe8 23. Qe3 Bxe5 (23... Bd4 $5 24. Rxd4 cxd4 25.
Qxd4 Qb5 $19) 24. Bxe5 Rd8 25. f4 (25. d6 Bxg2 26. Kxg2 Qg6 (26... Qh5 $5) 27.
a3 Rfe8 $19) 25... Qf7 26. Qc3 (26. d6 Bxg2 27. Kxg2 Qxa2+ $19) 26... Kg8 $1
27. Qc4 Rd7 $19 {[%csl Rd5] ><d5} 28. Be4 Rfd8 29. Qc2 Qh5 30. Qb3 $6 (30. Bf5
$142 Bxd5 31. Bxd7 Rxd7 32. Rd3 (32. Qd3 c4 33. Qf1 b5 $19) 32... Qf5 $19 {
[%cal Ga8h1] ->/^a8-h1}) 30... c4 31. Qa4 b5 0-1